|
|
|
|
| LEADER |
00000nam0a2200000 4500 |
| 001 |
670192 |
| 005 |
20240510111516.0 |
| 090 |
|
|
|a 670192
|
| 100 |
|
|
|a 20240118d1931 km|y0rusy50 ca
|
| 101 |
0 |
|
|a rus
|
| 102 |
|
|
|a RU
|
| 105 |
|
|
|a a z 000yy
|
| 181 |
|
0 |
|a i
|b e
|
| 182 |
|
0 |
|a n
|
| 183 |
|
0 |
|a nc
|2 RDAcarrier
|
| 200 |
1 |
|
|a Новый Аншютц
|f Б. Кудревич
|
| 203 |
|
|
|a Текст
|b визуальный
|c непосредственный
|
| 210 |
|
|
|a Ленинград
|c Издание Гидрографического Управления
|d 1931
|
| 215 |
|
|
|a 58 с.
|e [1] л. схема
|
| 283 |
|
|
|a volume
|2 RDAcarrier
|
| 606 |
1 |
|
|a Компасы гироскопические
|9 41290
|
| 610 |
1 |
|
|a трехгироскопический компас
|
| 610 |
1 |
|
|a гирокомпасы
|
| 610 |
1 |
|
|a конструкция
|
| 610 |
1 |
|
|a схемы
|
| 610 |
1 |
|
|a описание
|
| 610 |
1 |
|
|a Коллекция русских учебников
|
| 675 |
|
|
|a 531.383
|v 4
|
| 700 |
|
|
|a Кудревич
|b Б.
|
| 801 |
|
0 |
|a RU
|b 63413507
|c 20240118
|
| 942 |
|
|
|c BK
|